000 01445nam a2200301 a 4500
001 80062
003 BD-RjUL
005 20220629152044.0
008 220623r20192009ii a b 001 0dben
020 _a9788175222182 (Vol.2)
020 _a9788175222250 (Set)
035 _a(BD-RjUL)80062
040 _aBD-RjUL
_cBD-RjUL
_bben/eng
041 _aben
082 _223
_a891.441092
_bMUR 2019
100 1 _aমুখোপাধ্যায়, প্রভাতকুমার
_9238534
245 1 0 _aরবীন্দ্রজীবনী ও রবীন্দ্রসাহিত্য-প্রবেশক /
_cপ্রভাতকুমার মুখোপাধ্যায় ; সম্পাদনা নরেশ গুহ ও শিবানী রায়
250 _a৫ম সং.
260 _a কলিকাতা :
_bবিশ্বভারতী গ্রন্থনবিভাগ,
_c২০০৯[পুনর্মুদ্রণ ২০১৯]
300 _a খণ্ড ;
_c২5 সেমি.
500 _aনির্দেশিকা সংযুক্ত
505 0 _aখণ্ড ২--
600 _aঠাকুর, রবীন্দ্রনাথ,
_d১৮৬১-১৯৪১
_xজীবনী
_93856
600 _aTagore, Robindronath
_d1861-1941
_xBiography
_93857
700 _aগুহ , নরেশ
_93858
700 _aরায়, শিবানী
_93859
942 _2ddc
_cBK
999 _c80062
_d80062